000 00347nam a2200097Ia 4500
082 _a327.172096|POST
245 0 _aPost-conflict reconstruction and development in Africa : concepts, role-players, policy and practice
100 _a Neethling, Theo Cape Town, South Africa
_954800
942 _cBK
008 210817s9999 xx 000 0 und d
999 _c172993
_d172992